Países de África en 1 minuto - Estadísticas

Estadísticas generales
  • Esta prueba ha sido intentada 162 veces
  • La puntuación promedio es 32 de 54
Respuestas en el mapa
Las respuestas están codificadas por una escala verde-roja en el mapa de la prueba según el % correcto abajo.
 
Estadísticas de respuestas
Respuesta % Correcto
Marruecos
92%
Argelia
90%
Egipto
90%
Níger
84%
Túnez
84%
Libia
82%
Nigeria
82%
República del Congo
78%
República Democrática del Congo
78%
Sudán
78%
Mauritania
76%
Sudáfrica
76%
Chad
73%
Mali
73%
Madagascar
71%
Senegal
71%
Somalia
71%
Guinea
69%
Eritrea
65%
Ghana
65%
Kenia
65%
Benín
63%
Camerún
63%
Etiopía
61%
Gambia
61%
Sudán del Sur
59%
Tanzania
59%
Angola
57%
Togo
57%
Guinea-Bissáu
55%
Lesoto
55%
Namibia
55%
Botsuana
53%
Mauricio
53%
Ruanda
53%
Uganda
53%
Burundi
51%
Gabón
51%
Mozambique
51%
Zambia
51%
Cabo Verde
49%
Liberia
49%
Yibuti
49%
Burkina Faso
45%
Guinea Ecuatorial
41%
Sierra Leona
41%
Zimbabue
41%
Costa de Marfil
39%
Eswatini
37%
Santo Tomé y Príncipe
37%
Seychelles
37%
Comoras
35%
Malaui
35%
República Centroafricana
35%
No se encontraron pruebas coincidentes
Distribución de puntuación
Porcentaje de gente con cada puntuación
Porcentaje por número respondido
Historial de tus puntuaciones
No has intentado esta prueba.